000 00330nam a2200121Ia 4500
008 220217s9999||||xx |||||||||||||| ||und||
082 _a423 BRI
100 _aEncyclopedia of britanica
_94446
245 0 _aBritanica Learning Library
260 _aEncyclopedia of britanica
_c2006
300 _b600
650 _aDICTIONARY
_9678
999 _c174087
_d174087